00921nam a2200241 a 450000500170000000800410001702000150005804100080007310000190008124500690010025000120016926000340018130000120021550001040022765300380033165300420036965300470041165300620045865300580052065300310057865300340060965300360064320240327124106.0100708e1997||||sp f |||| 00| 0 spa d a8420764035 aspa1 aCortina, Adela aHacer reforma.bLa ética de la sociedad civil /cAdela Cortina a3a ed.  aMadrid: bGrupo Anaya;c1997. a150 p. aCortina, A. (1997). Hacer reforma. La ética de la sociedad civil. (3a ed.). Madrid : Grupo Anaya. 1a¿Vale la pena educar moralmente? aDel vasallaje a la ciudadanía moral 3aLa fórmula mágica del pluralismo moral 3aLa moral civíca la harán las personas, o no se hará aTomarse en serio la construcción de un mundo humano aVoluntad del entendimiento aEducar en una moral cívica  aMoral cívica y moral creyente